| 000 | 00776nam a2200229 4500 | ||
|---|---|---|---|
| 005 | 20250929081200.0 | ||
| 020 |
_a9788175340466 _cTZS 36, 532.24/= |
||
| 040 |
_aMCCL _beng. _eAACR 2nd. rev.ed. |
||
| 082 | _a345.0263 McD | ||
| 100 | _aMcDonnell, Denis Lane | ||
| 245 |
_aKerr on the Law of fraud and mistake : _bIncluding misrepresentation generally, undue influence, fiduciary relationship, constructive and imputed notice, etc. / _cDenis Lane McDonnell, and John George, Monroe. |
||
| 250 | _a17th ed. | ||
| 260 |
_aDelhi : _bUniversal Law publishing co. _cc2009. |
||
| 300 |
_aliv ,738 p. ; _c24 cm. |
||
| 504 | _aIncludes index. | ||
| 546 | _aeng. | ||
| 650 | _aMistakes | ||
| 650 | _aFraud | ||
| 650 | _aRemedies | ||
| 700 | _aMonroe, John George. | ||
| 942 | _cBK | ||
| 999 |
_c11341 _d11341 |
||